000 00506nam a22001937a 4500
005 20250123024810.0
008 250123b |||||||| |||| 00| 0 eng d
020 _a978-0-325-95012-7
082 _aFic. C655 2007
100 _aCoben, Harlan
245 _aThe woods /
_cHarlan Coben
260 _aNew York:
_bDutton,
_c2007
300 _a404p.
541 _e7718
650 _aMystery fiction
650 _aFamily secrets - Fiction
650 _aMissing children - Fiction
650 _aCrime - Fiction
999 _c2367
_d2367